000 00638nam a2200229Ia 4500
003 OSt
005 20220925201951.0
006 a|||||r|||| 00| 0
007 ta
008 220923b |||||||| |||| 00| 0 eng d
037 _cGeneral Book
040 _aRTL
_cRTL
_beng
041 _2eng
_aeng
082 _aB28wM93, N6
100 _aRudra Ashok
_997568
245 0 _aPrasanta Chandra Mahalanobis
_b A biography
260 _aDelhi
_bOxford University Press
_c1996
300 _axx, 471p
_ccm.
500 _aAppendix Chapterwise
942 _hB28wM93, N6
_cGB
_2CC
999 _c541974
_d541974